000 00414nam a22001457a 4500
020 _qHB.
040 _cFIZZA ISHAQ
082 _a512.00
_bROB
100 _aBLITZER,ROBERT.
_9131686
245 _aCOLLEGE ALGEBRA CUSTOM EDITION FOR ANNE ARUNDEL COMMUNITY COLLEGE /
_cROBERT BLITZER.
250 _a5TH ED.
260 _aNEW YORK ;
_bCUSTOM PUBLISHING,
_c2010.
300 _a752 P. ;
_c11.5X8.9IN
942 _2ddc
_cBK
999 _c616948
_d616948